MARC

LEADER 00000nam0a2200000 4500
001 80097
005 20231031094501.0
020 |a RU  |b 80-17142 
035 |a (RuTPU)RU\TPU\book\86095 
090 |a 80097 
100 |a 20050901d1980 k a0rusy5003 ca 
101 0 |a rus 
102 |a RU 
105 |a a z 001zy 
200 1 |a Седиментационная цикличность  |f Ю. Н. Карогодин 
210 |a Москва  |c Недра  |d 1980 
215 |a 242 с.  |d 21 см 
320 |a Библиогр.: с. 227-237 
320 |a Предм. указ.: с. 238-240 
610 1 |a седиментационная цикличность 
610 1 |a природные тела 
610 1 |a систематизация 
610 1 |a природные слои 
610 1 |a элементарные циклиты 
610 1 |a мезоциклиты 
610 1 |a макроциклиты 
610 1 |a терминология 
675 |a 552.5  |z rus 
700 1 |a Карогодин  |b Ю. Н.  |g Юрий Николаевич  |4 070 
801 0 |a RU  |b RuMRKP  |c 19950704  |g psbo 
801 1 |a RU  |b 63413507  |c 20050901  |g PSBO 
801 2 |a RU  |b 63413507  |c 20061024  |g PSBO 
942 |c BK